[Event "15th ETC"]
[Site "Gothenburg SWE"]
[Date "2005.08.06"]
[Round "8"]
[White "Kyriakidis,T"]
[Black "Claesen,P"]
[Result "1-0"]
[WhiteElo "2144"]
[BlackElo "2384"]
[EventDate "2005.07.30"]

1. d4 Nf6 2. c4 c6 3. Nc3 d5 4. e3 g6 5. Nf3 Bg7 6. Bd3 O-O 7. O-O Be6 8.
Qe2 Qa5 9. c5 Bg4 10. h3 Bxf3 11. Qxf3 Nbd7 12. Rb1 e5 13. b4 Qc7 14. Bc2
Nh5 15. dxe5 Nxe5 16. Qd1 Rad8 17. Ne2 Nf6 18. Bb2 Nc4 19. Bd4 Rfe8 20. a4
Ne4 21. Bxg7 Kxg7 22. Qd4+ f6 23. Rfd1 Na3 24. Rb2 Nxc2 25. Rxc2 Ng5 26.
Qf4 Qe5 27. b5 Ne4 28. Rb1 Rd7 29. Nd4 Rc8 30. h4 Re7 31. f3 Ng3 32. bxc6
bxc6 33. Kf2 Nh5 34. Qxe5 fxe5 35. Ne2 Nf6 36. a5 Kf7 37. a6 Ke6 38. g4 h6
39. g5 hxg5 40. hxg5 Nd7 41. f4 Rb8 42. Rxb8 Nxb8 43. Ra2 Rh7 44. Kg2 Rh4
45. Ra4 Nd7 46. f5+ Kxf5 47. Rxh4 Nxc5 48. Rh7 Nxa6 49. Rxa7 Nb4 50. Rb7 c5
51. Kf3 e4+ 52. Kg3 Nc2 53. Kf2 Kxg5 54. Rb5 Nb4 55. Nf4 Kg4 56. Ne6 Nd3+
57. Ke2 c4 58. Rxd5 c3 59. Nd4 g5 60. Rd8 Kg3 61. Rc8 Nc1+ 62. Ke1 Na2 63.
Ne2+ Kf3 64. Nxc3 Nb4 65. Nd1 g4 66. Kf1 Nd5 67. Rf8+ Kg3 68. Rf5 Nb4 69.
Rf4 Nd3 70. Rxe4 Kf3 71. Rd4 Ne5 72. Rf4+ Kg3 73. Nf2 1-0

[Event "15th ETC"]
[Site "Gothenburg SWE"]
[Date "2005.08.06"]
[Round "8"]
[White "Docx,S"]
[Black "Klerides,P"]
[Result "1-0"]
[WhiteElo "2310"]
[BlackElo "2224"]
[EventDate "2005.07.30"]

1. d4 Nf6 2. g3 g6 3. Bg2 Bg7 4. e4 d6 5. Ne2 O-O 6. O-O c6 7. a4 e5 8.
Nbc3 Na6 9. h3 Be6 10. Be3 Qa5 11. Qd2 Rfe8 12. Rfd1 exd4 13. Nxd4 Qh5 14.
Nde2 Qa5 15. Rab1 Rad8 16. Bg5 Qc7 17. Qd4 Qc8 18. Nf4 Nd5 19. Qxa7 Nxc3
20. bxc3 Rd7 21. Nxe6 Rxe6 22. h4 Nc5 23. Bh3 b5 24. Bxe6 fxe6 25. Qa5 bxa4
26. Qb4 Rb7 27. Qc4 Rxb1 28. Rxb1 Bf8 29. Bf4 d5 30. exd5 exd5 31. Qd4 Ne6
32. Qxa4 Kf7 33. Qa7+ 1-0

[Event "15th ETC"]
[Site "Gothenburg SWE"]
[Date "2005.08.06"]
[Round "8"]
[White "Antoniou,A"]
[Black "Dutreeuw,M"]
[Result "0-1"]
[WhiteElo "2198"]
[BlackElo "2361"]
[EventDate "2005.07.30"]

1. e4 c5 2. Nf3 a6 3. Nc3 b5 4. a4 b4 5. Ne2 Bb7 6. Ng3 Qc7 7. Bc4 Nf6 8.
d3 e6 9. O-O Be7 10. h3 O-O 11. Nh2 Nc6 12. Ba2 d5 13. Ng4 Nxg4 14. Qxg4
Ne5 15. Qh5 Nd7 16. Bg5 Nf6 17. Qh4 h6 18. Bf4 Qd8 19. e5 Nd7 20. Qh5 Bg5
21. Bxg5 Qxg5 22. Rae1 a5 23. Kh2 Bc6 24. b3 Qxh5 25. Nxh5 d4 26. f4 Rae8
27. g4 f6 28. exf6 gxf6 29. Ng3 Kh7 30. Bb1 f5 31. g5 e5 32. Nh5 hxg5 33.
fxg5 f4 34. Rg1 Kg6 35. Nf6 Nxf6 36. gxf6+ Kxf6 0-1